| 000 | 00473cam a2200181ua 4500 | ||
|---|---|---|---|
| 020 |
_a1-85604-048-8 _cE 39.95 |
||
| 041 |
_aeng _h |
||
| 082 |
_a025.42 _bFOS/SU |
||
| 100 | _aFoskett, A.C . | ||
| 245 |
_aSubject approach to information / _cA.C Foskett. _hTextual Documents |
||
| 250 |
_a5 / _b. |
||
| 260 |
_aLondon : _bLibrary Association publishing , _c1997. |
||
| 300 | _a456 ; . | ||
| 365 | _aE 39.95 | ||
| 504 | _a | ||
| 942 | _cBK | ||
| 999 |
_c9039 _d9039 |
||